000
00277nam a2200109Ia 4500
008
220204s9999 xx 000 0 und d
082
_a
681.326.3
_b
BAL
100
_a
Baldwin, J N W
245
0
_a
Microprocessors for industry
260
_a
London
_b
Butterworths
_c
1982
942
_c
BK
999
_c
38377
_d
38377